000 00287nam a22001217a 4500
008 260416b ||||| |||| 00| 0 eng d
041 _aShqip
080 _a1.1
100 _a19
101 _aKontabilitet
245 _aInstituti për Kontabilitet Auditim Financa
_cKAF
942 _2udc
_cBK
999 _c60975
_d60975